| 000 | 00316nam a2200121Ia 4500 | ||
|---|---|---|---|
| 008 | 220217s9999||||xx |||||||||||||| ||und|| | ||
| 082 | _a894.814 BEN | ||
| 100 |
_aBendre, D. R _98798 |
||
| 245 | 0 | _aMatte shravana | |
| 260 |
_aSree Matha Prakasana _bHubli _c2004 |
||
| 300 |
_a48p. _b45 |
||
| 650 | _aGENERAL BOOKS | ||
| 999 |
_c184217 _d184217 |
||